| 000 | 00504nmm a2200181Ia 4500 | ||
|---|---|---|---|
| 008 | 251105s9999||||xx |||||||||||||||||und|| | ||
| 020 | _a9788496356177 | ||
| 041 | _aspa | ||
| 100 | _aRoubaud, Jacques | ||
| 245 | 0 | _aLa bella Hortensia | |
| 264 |
_a[Madrid, España] : _bMontesinos, _c2005 |
||
| 300 | _a239 páginas | ||
| 650 | _aThriller & Suspense | ||
| 700 | _aRoubaud, Jacques | ||
| 700 | 1 | _a Sánchez Santana, Josefa | |
| 856 | _uhttps://public.digitaliapublishing.com/a/60076 | ||
| 942 | _cCF | ||
| 999 |
_c70784 _d70784 |
||